000 00531nam a2200193Ia 4500
005 20250508163713.0
008 008 250505s9999 xx 000 0 eng d
020 _a0-7494-0051-X
037 _aTextual
040 _aFEDL
_beng
_cFEDL
041 _aeng
_2eng
084 _a371.39, JAN
_qFEDL
100 _aJanardan Prasad
245 0 _aAdvanced educational technology
260 _aNew Delhi, India
_bKanishka Publishers
_c1997
300 _a284 p.
942 _cTEXL
_h371.39, JAN
999 _c1384803
_d1384803